[Event "SVK-chT2C 2223"]
[Site "Slovakia"]
[Date "2023.03.26"]
[Round "11.8"]
[White "Hyll, Jan"]
[Black "Gajdosik, Marian"]
[Result "1/2-1/2"]
[WhiteElo "1903"]
[BlackElo "1765"]
[PlyCount "90"]
[EventDate "2022.10.08"]
[EventType "team-tourn"]
[EventRounds "11"]
[EventCountry "SVK"]
[SourceTitle "EXT 2024"]
[Source "ChessBase"]
[SourceDate "2023.10.10"]
[SourceVersion "1"]
[SourceVersionDate "2023.10.10"]
[SourceQuality "1"]
[WhiteTeam "Martin Medea"]
[BlackTeam "Banska Bystrica Kurta"]
[WhiteTeamCountry "SVK"]
[BlackTeamCountry "SVK"]

1. d4 d6 2. e3 e5 3. dxe5 dxe5 4. Qxd8+ Kxd8 5. Nc3 Be6 6. Be2 c6 7. Nf3 f6 8. 0-0 Nh6 9. e4 Nf7 10. Be3 Nd7 11. a3 Bc5 12. Bxc5 Nxc5 13. b4 Nd7 14. Nd2 a5 15. Bc4 Ke7 16. Bxe6 Kxe6 17. Nc4 axb4 18. axb4 b5 19. Na5 Kd6 20. Rfd1+ Kc7 21. f3 Rhd8 22. Nb3 Nd6 23. Kf2 Nc4 24. Rxa8 Rxa8 25. Ra1 Ra3 26. Rxa3 Nxa3 27. Na1 Nf8 28. Ne2 Ne6 29. Ke3 Kd6 30. c3 c5 31. Kd3 g6 32. Nc2 Nxc2 33. Kxc2 f5 34. Kd3 f4 35. c4 cxb4 36. cxb5 Kc5 37. b6 Kxb6 38. Kc4 Ka5 39. Kd5 b3 40. Kxe6 b2 41. Nc3 Kb4 42. Nb1 Kb3 43. Nd2+ Kc3 44. Nb1+ Kc2 45. Na3+ Kb3 1/2-1/2

[Event "SVK-chT2C 2223"]
[Site "Slovakia"]
[Date "2023.03.25"]
[Round "10.8"]
[White "Longauer, Igor"]
[Black "Hyll, Jan"]
[Result "1/2-1/2"]
[WhiteElo "1690"]
[BlackElo "1903"]
[PlyCount "30"]
[EventDate "2022.10.08"]
[EventType "team-tourn"]
[EventRounds "11"]
[EventCountry "SVK"]
[SourceTitle "EXT 2024"]
[Source "ChessBase"]
[SourceDate "2023.10.10"]
[SourceVersion "1"]
[SourceVersionDate "2023.10.10"]
[SourceQuality "1"]
[WhiteTeam "Detva"]
[BlackTeam "Martin Medea"]
[WhiteTeamCountry "SVK"]
[BlackTeamCountry "SVK"]

1. e4 d5 2. exd5 Nf6 3. Bb5+ Bd7 4. Bxd7+ Qxd7 5. c4 c6 6. d4 cxd5 7. c5 Nc6 8. Nc3 g6 9. Nf3 Bg7 10. a3 0-0 11. 0-0 Rfe8 12. Re1 Rad8 13. Ne5 Qc8 14. f4 Nd7 15. b4 Nf6 1/2-1/2

[Event "SVK-chT2C 2122"]
[Site "Slovakia"]
[Date "2022.05.01"]
[Round "11.8"]
[White "Carnecky, Viliam"]
[Black "Hyll, Jan"]
[Result "1/2-1/2"]
[WhiteElo "1380"]
[BlackElo "1911"]
[PlyCount "48"]
[EventDate "2021.10.16"]
[EventType "team-tourn"]
[EventRounds "11"]
[EventCountry "SVK"]
[SourceTitle "EXT 2023"]
[Source "ChessBase"]
[SourceDate "2022.10.05"]
[SourceVersion "1"]
[SourceVersionDate "2022.10.05"]
[SourceQuality "1"]
[WhiteTeam "Kysucke Nove Mesto"]
[BlackTeam "Martin Medea"]
[WhiteTeamCountry "SVK"]
[BlackTeamCountry "SVK"]

1. e4 d5 2. exd5 Nf6 3. Bb5+ Bd7 4. Bxd7+ Qxd7 5. c4 c6 6. dxc6 Nxc6 7. Nf3 Qd3 8. Qe2 Nb4 9. Qxd3 Nxd3+ 10. Ke2 Rd8 11. Nc3 a6 12. b3 e6 13. Ne1 Nf4+ 14. Kf1 Bc5 15. Ne2 N6h5 16. Nxf4 Nxf4 17. h3 0-0 18. g3 Nd3 19. Nxd3 Rxd3 20. Ke2 Rfd8 21. Rd1 h6 22. Bb2 Bxf2 23. Kxf2 Rxd2+ 24. Ke1 R2d3 1/2-1/2

[Event "SVK-chT2C 2122"]
[Site "Slovakia"]
[Date "2022.02.12"]
[Round "7.6"]
[White "Priechodsky, Radovan"]
[Black "Hyll, Jan"]
[Result "0-1"]
[WhiteElo "1981"]
[BlackElo "1911"]
[PlyCount "84"]
[EventDate "2021.10.16"]
[EventType "team-tourn"]
[EventRounds "11"]
[EventCountry "SVK"]
[SourceTitle "EXT 2023"]
[Source "ChessBase"]
[SourceDate "2022.10.05"]
[SourceVersion "1"]
[SourceVersionDate "2022.10.05"]
[SourceQuality "1"]
[WhiteTeam "Liptov Chess School III"]
[BlackTeam "Martin Medea"]
[WhiteTeamCountry "SVK"]
[BlackTeamCountry "SVK"]

1. d4 d5 2. Bf4 Nf6 3. c3 c6 4. e3 Bf5 5. Bd3 Bxd3 6. Qxd3 e6 7. Nf3 Bd6 8. Bg3 Qc7 9. Nbd2 Nbd7 10. e4 dxe4 11. Bxd6 Qxd6 12. Nxe4 Nxe4 13. Qxe4 Nf6 14. Qc2 Qd5 15. 0-0 0-0 16. c4 Qd6 17. Rfd1 Rad8 18. Rd2 Qe7 19. Rad1 Rd6 20. Ng5 h6 21. Ne4 Nxe4 22. Qxe4 Rfd8 23. g3 Qf6 24. b4 R8d7 25. a4 a6 26. Kg2 Qd8 27. f4 a5 28. c5 Rd5 29. b5 Rxc5 30. bxc6 Rxc6 31. Rb2 Rb6 32. Rc2 Rc7 33. Rf2 Rb4 34. Kg1 Rxa4 35. f5 Qd5 36. Qe3 Rcc4 37. fxe6 fxe6 38. Rfd2 b5 39. Re2 Rxd4 40. Rdd2 Ra1+ 41. Kf2 Qf5+ 42. Kg2 Qf1# 0-1

[Event "SVK-chT2C 1920"]
[Site "Slovakia"]
[Date "2020.02.16"]
[Round "9.7"]
[White "Durica, Adam"]
[Black "Hyll, Jan"]
[Result "1/2-1/2"]
[WhiteElo "2083"]
[BlackElo "1979"]
[PlyCount "54"]
[EventDate "2019.10.26"]
[EventType "team-tourn"]
[EventRounds "11"]
[EventCountry "SVK"]
[SourceTitle "CBM 195 Extra"]
[Source "ChessBase"]
[SourceDate "2020.05.31"]
[SourceVersion "1"]
[SourceVersionDate "2020.05.31"]
[SourceQuality "1"]
[WhiteTeam "Ondrasova Krivan"]
[BlackTeam "Bziny"]
[WhiteTeamCountry "SVK"]
[BlackTeamCountry "SVK"]

1. c4 Nf6 2. g3 g6 3. Bg2 Bg7 4. Nc3 c5 5. e4 Nc6 6. Nge2 0-0 7. 0-0 d6 8. d3 Rb8 9. h3 a6 10. f4 Qc7 11. a4 b6 12. f5 Bb7 13. Nf4 Nd4 14. g4 e5 15. Nfe2 h6 16. Nxd4 cxd4 17. Ne2 g5 18. Ng3 Bc6 19. Kf2 Nd7 20. Rh1 f6 21. h4 Kf7 22. b4 Ra8 23. Qb3 Rg8 24. hxg5 hxg5 25. b5 Nc5 26. Qb1 Bd7 27. Ba3 a5 1/2-1/2

[Event "SVK-chT2C 1920"]
[Site "Slovakia"]
[Date "2020.01.26"]
[Round "7.6"]
[White "Hyll, Jan"]
[Black "Sustek, Vladimir"]
[Result "1-0"]
[WhiteElo "1979"]
[BlackElo "1966"]
[PlyCount "39"]
[EventDate "2019.10.26"]
[EventType "team-tourn"]
[EventRounds "11"]
[EventCountry "SVK"]
[SourceTitle "CBM 194 Extra"]
[Source "ChessBase"]
[SourceDate "2020.03.31"]
[SourceVersion "1"]
[SourceVersionDate "2020.03.31"]
[SourceQuality "1"]
[WhiteTeam "Bziny"]
[BlackTeam "Zilina Mladost III"]
[WhiteTeamCountry "SVK"]
[BlackTeamCountry "SVK"]

1. d4 c5 2. e3 e6 3. Nf3 Nf6 4. Bd3 Nc6 5. 0-0 d5 6. c3 Be7 7. dxc5 Bxc5 8. Qe2 0-0 9. Nbd2 Bd7 10. e4 Qc7 11. e5 Ng4 12. Bxh7+ Kh8 13. Bc2 g6 14. Nb3 Bxf2+ 15. Rxf2 Nxf2 16. Qxf2 Nxe5 17. Qh4+ Kg8 18. Ng5 Kg7 19. Nh7 Rh8 20. Qh6+ 1-0

[Event "SVK-chT2C 1920"]
[Site "Slovakia"]
[Date "2019.11.17"]
[Round "4.6"]
[White "Fuchsleitner, Peter"]
[Black "Hyll, Jan"]
[Result "0-1"]
[WhiteElo "1459"]
[BlackElo "1979"]
[PlyCount "72"]
[EventDate "2019.10.26"]
[EventType "team-tourn"]
[EventRounds "11"]
[EventCountry "SVK"]
[SourceTitle "CBM 193 Extra"]
[Source "ChessBase"]
[SourceDate "2020.01.31"]
[SourceVersion "1"]
[SourceVersionDate "2020.01.31"]
[SourceQuality "1"]
[WhiteTeam "Vinica"]
[BlackTeam "Bziny"]
[WhiteTeamCountry "SVK"]
[BlackTeamCountry "SVK"]

1. e4 d5 2. exd5 Nf6 3. Nc3 Nxd5 4. Nxd5 Qxd5 5. c4 Qa5 6. a3 Nc6 7. Nf3 Bg4 8. h3 Bh5 9. Be2 0-0-0 10. 0-0 e5 11. d3 Be7 12. Bd2 Qc5 13. b4 Qd6 14. Be3 Bxf3 15. Bxf3 Nd4 16. Bg4+ Kb8 17. c5 Qg6 18. Bh5 Qe6 19. Bg4 f5 20. Bf3 Nxf3+ 21. Qxf3 Rxd3 22. Qe2 Rhd8 23. a4 Qg6 24. b5 Bf8 25. a5 f4 26. a6 Qe4 27. Qf3 Qxf3 28. gxf3 fxe3 29. fxe3 Bxc5 30. Rae1 Bxe3+ 31. Kg2 Bf4 32. h4 Rb3 33. Rd1 Rb2+ 34. Kh3 Rdd2 35. Rxd2 Rxd2 36. Rb1 h5 0-1

[Event "SVK-chT2C 1819"]
[Site "Slovakia"]
[Date "2018.10.14"]
[Round "2.4"]
[White "Okos, Alexander"]
[Black "Hyll, Jan"]
[Result "1/2-1/2"]
[WhiteElo "2055"]
[BlackElo "1960"]
[PlyCount "28"]
[EventDate "2018.10.13"]
[EventType "team-tourn"]
[EventRounds "11"]
[EventCountry "SVK"]
[SourceTitle "CBM 187 Extra"]
[Source "ChessBase"]
[SourceDate "2018.11.04"]
[SourceVersion "1"]
[SourceVersionDate "2018.11.04"]
[SourceQuality "1"]
[WhiteTeam "Jelsava Magnezit"]
[BlackTeam "Bziny"]
[WhiteTeamCountry "SVK"]
[BlackTeamCountry "SVK"]

1. e4 d5 2. exd5 Nf6 3. Nf3 Nxd5 4. d4 g6 5. Be2 Bg7 6. 0-0 0-0 7. c4 Nb6 8. Qb3 Nc6 9. d5 Nd4 10. Nxd4 Bxd4 11. Rd1 e5 12. Be3 Bxe3 13. Qxe3 f5 14. Nc3 Qf6 1/2-1/2

[Event "Banska Stiavnica V4 op"]
[Site "Banska Stiavnica"]
[Date "2018.07.15"]
[Round "9"]
[White "Hyll, Jan"]
[Black "Brozyna, Mateusz"]
[Result "1-0"]
[WhiteElo "1915"]
[BlackElo "2098"]
[PlyCount "99"]
[EventDate "2018.07.07"]
[EventType "swiss"]
[EventRounds "9"]
[EventCountry "SVK"]
[SourceTitle "CBM 185 Extra"]
[Source "ChessBase"]
[SourceDate "2018.07.29"]
[SourceVersion "1"]
[SourceVersionDate "2018.07.29"]
[SourceQuality "1"]

1. Nf3 Nf6 2. d4 g6 3. e3 Bg7 4. Bd3 0-0 5. 0-0 d6 6. h3 c5 7. c3 Nbd7 8. Nbd2 b6 9. Qe2 e5 10. dxe5 dxe5 11. e4 Qc7 12. Re1 a6 13. Nf1 Bb7 14. Bg5 h6 15. Bd2 Rfe8 16. c4 Nf8 17. Bc3 Nh5 18. Ne3 Nf4 19. Qc2 Nxd3 20. Qxd3 Bc6 21. Nd5 Qb8 22. Re2 Ne6 23. g3 Ra7 24. Rae1 Rb7 25. Nh2 b5 26. b3 h5 27. Nf3 a5 28. h4 a4 29. Ng5 axb3 30. axb3 bxc4 31. bxc4 Rb3 32. Ra2 Nd4 33. Rea1 Qd8 34. Ra3 Rb7 35. Ra7 Bh6 36. Rxb7 Bxb7 37. Ba5 Qd6 38. Bc7 Qc6 39. Rb1 Ba6 40. Rb6 Qa4 41. Nf6+ Kf8 42. Bd6+ Kg7 43. Nxe8+ Qxe8 44. Rxa6 Qc8 45. Bxe5+ Kg8 46. Rb6 Bf8 47. Rb8 Qg4 48. Bd6 Kg7 49. Bxf8+ Kf6 50. Rb6+ 1-0

[Event "Banska Stiavnica V4 op"]
[Site "Banska Stiavnica"]
[Date "2018.07.10"]
[Round "4"]
[White "Kerdik, Adam"]
[Black "Hyll, Jan"]
[Result "1-0"]
[WhiteElo "2091"]
[BlackElo "1915"]
[PlyCount "45"]
[EventDate "2018.07.07"]
[EventType "swiss"]
[EventRounds "9"]
[EventCountry "SVK"]
[SourceTitle "CBM 185 Extra"]
[Source "ChessBase"]
[SourceDate "2018.07.29"]
[SourceVersion "1"]
[SourceVersionDate "2018.07.29"]
[SourceQuality "1"]

1. d4 d5 2. c4 e6 3. Nc3 Nf6 4. cxd5 exd5 5. Bg5 Be7 6. e3 c6 7. Bd3 0-0 8. Nge2 Ne4 9. Bxe7 Qxe7 10. Qc2 f5 11. Nf4 Nxc3 12. bxc3 Be6 13. Rb1 b6 14. g4 g6 15. Nxe6 Qxe6 16. gxf5 gxf5 17. Rg1+ Kh8 18. Rg5 f4 19. Bf5 Qh6 20. exf4 Qxh2 21. Qe2 Qh6 22. Rh5 Qxh5 23. Qxh5 1-0

[Event "Oravska Priehrada op"]
[Site "Namestovo"]
[Date "2017.08.27"]
[Round "6"]
[White "Hyll, Jan"]
[Black "Koval, Jakub"]
[Result "1/2-1/2"]
[WhiteElo "1895"]
[BlackElo "2045"]
[PlyCount "65"]
[EventDate "2017.08.25"]
[EventType "swiss"]
[EventRounds "7"]
[EventCountry "SVK"]
[SourceTitle "CBM 180 Extra"]
[Source "ChessBase"]
[SourceDate "2017.10.06"]
[SourceVersion "1"]
[SourceVersionDate "2017.10.06"]
[SourceQuality "1"]

1. d4 f5 2. Nf3 Nf6 3. e3 g6 4. Bd3 Bg7 5. 0-0 0-0 6. Nbd2 d6 7. c3 Qe8 8. e4 e5 9. dxe5 dxe5 10. exf5 gxf5 11. Re1 e4 12. Bc4+ Kh8 13. Nb3 Nc6 14. Bf4 Ng4 15. h3 Nge5 16. Nxe5 Nxe5 17. Be2 Qe7 18. Qd2 Ng6 19. Bg5 Qe5 20. Bh6 f4 21. Bxg7+ Qxg7 22. Qd4 Ne5 23. Bg4 Bf5 24. Rad1 h5 25. Bxh5 Rad8 26. Qb4 Nf3+ 27. Kh1 Nxe1 28. Rxe1 Rg8 29. Bg4 f3 30. gxf3 exf3 31. Bxf3 Bxh3 32. Qh4+ Qh7 33. Qf6+ 1/2-1/2

[Event "Oravska Priehrada op"]
[Site "Namestovo"]
[Date "2017.08.27"]
[Round "5"]
[White "Hyll, Jan"]
[Black "Kravec, Patrik"]
[Result "1/2-1/2"]
[WhiteElo "1895"]
[BlackElo "2095"]
[PlyCount "68"]
[EventDate "2017.08.25"]
[EventType "swiss"]
[EventRounds "7"]
[EventCountry "SVK"]
[SourceTitle "CBM 180 Extra"]
[Source "ChessBase"]
[SourceDate "2017.10.06"]
[SourceVersion "1"]
[SourceVersionDate "2017.10.06"]
[SourceQuality "1"]

1. d4 Nf6 2. Nf3 g6 3. e3 Bg7 4. Bd3 0-0 5. 0-0 d6 6. Nbd2 c5 7. c3 Nc6 8. Qe2 e5 9. dxc5 dxc5 10. Ne4 Nxe4 11. Bxe4 Qc7 12. Bc2 b6 13. e4 a5 14. Rd1 Ba6 15. Bd3 Bb7 16. a4 Ne7 17. Bc4 Bc6 18. Bg5 h6 19. Bxe7 Qxe7 20. Bd5 Qc7 21. Rd2 Rad8 22. Rad1 Bxa4 23. Bxf7+ Kh7 24. Rxd8 Rxd8 25. Rxd8 Qxd8 26. b3 Bc6 27. c4 a4 28. bxa4 Bxa4 29. Bd5 Qd7 30. Qa2 Bc6 31. Qd2 Qc7 32. g3 Bd7 33. Qa2 Qb8 34. h4 Bg4 1/2-1/2

[Event "Oravska Priehrada op"]
[Site "Namestovo"]
[Date "2017.08.26"]
[Round "2"]
[White "Hyll, Jan"]
[Black "Adamko, Peter"]
[Result "0-1"]
[WhiteElo "1895"]
[BlackElo "2106"]
[PlyCount "104"]
[EventDate "2017.08.25"]
[EventType "swiss"]
[EventRounds "7"]
[EventCountry "SVK"]
[SourceTitle "CBM 180 Extra"]
[Source "ChessBase"]
[SourceDate "2017.10.06"]
[SourceVersion "1"]
[SourceVersionDate "2017.10.06"]
[SourceQuality "1"]

1. d4 g6 2. Nf3 Bg7 3. e3 d6 4. Bd3 c5 5. c3 Nc6 6. 0-0 e5 7. dxe5 dxe5 8. Bb5 Qc7 9. e4 Nge7 10. Bg5 0-0 11. Qc1 Bg4 12. Be2 Rfd8 13. h3 Bxf3 14. Bxf3 Rd6 15. Na3 a6 16. Nc4 Rdd8 17. Qc2 h6 18. Bxe7 Nxe7 19. Rad1 h5 20. Rxd8+ Rxd8 21. Rd1 b5 22. Ne3 c4 23. Rxd8+ Qxd8 24. Qd1 Qxd1+ 25. Nxd1 Bh6 26. Be2 Nc8 27. b3 cxb3 28. axb3 Nd6 29. f3 a5 30. c4 bxc4 31. bxc4 a4 32. Nc3 a3 33. Na2 Nb7 34. Bd3 Kf8 35. Kf1 Ke7 36. Ke2 Kd6 37. Kd1 Kc5 38. Kc2 Na5 39. Be2 Kd4 40. Nc3 Bf8 41. Na2 h4 42. Bd3 Ke3 43. Nc3 Kf2 44. Nd5 Kxg2 45. f4 exf4 46. Nxf4+ Kg3 47. Nd5 Kxh3 48. e5 Bg7 49. Kb1 Bxe5 50. c5 Nb3 51. c6 a2+ 52. Kxa2 Nc1+ 0-1

[Event "Banska Stiavnica V4 op"]
[Site "Banska Stiavnica"]
[Date "2017.07.09"]
[Round "2"]
[White "Hyll, Jan"]
[Black "Zicho, Anton"]
[Result "1-0"]
[WhiteElo "1977"]
[BlackElo "1572"]
[PlyCount "119"]
[EventDate "2017.07.08"]
[EventType "swiss"]
[EventRounds "9"]
[EventCountry "SVK"]
[SourceTitle "CBM 179 Extra"]
[Source "ChessBase"]
[SourceDate "2017.08.23"]
[SourceVersion "1"]
[SourceVersionDate "2017.08.23"]
[SourceQuality "1"]

1. d4 d5 2. e3 Nf6 3. Bd3 Bg4 4. Nf3 e6 5. 0-0 Bd6 6. h3 Bh5 7. Nbd2 Nc6 8. c3 Ne7 9. e4 dxe4 10. Nxe4 Nxe4 11. Bxe4 c6 12. Re1 0-0 13. Bxh7+ Kh8 14. Bd3 Bc7 15. Be2 Qd6 16. Ne5 Bxe2 17. Qxe2 Kg8 18. Bf4 Qd8 19. Nd3 Nd5 20. Bxc7 Qxc7 21. Qe5 Rac8 22. Qg5 Rce8 23. Re4 Qe7 24. Qxe7 Rxe7 25. Rae1 g6 26. f4 Nf6 27. Re5 Rfe8 28. g4 Nd7 29. R5e3 Kf8 30. Nf2 Nf6 31. Nd3 Nd5 32. R3e2 b6 33. Kf2 c5 34. dxc5 bxc5 35. c4 Nb4 36. Nxb4 cxb4 37. Rd1 Rc8 38. b3 Rec7 39. Kf3 Rc5 40. Rd7 R8c7 41. Rxc7 Rxc7 42. Re5 Rb7 43. Ke4 f5+ 44. gxf5 gxf5+ 45. Kd4 Ke7 46. c5 Rd7+ 47. Kc4 Rd2 48. Kxb4 Rxa2 49. c6 Rf2 50. Ra5 Rxf4+ 51. Kc5 Rf3 52. Rxa7+ Kd8 53. b4 Rxh3 54. Kd6 Ke8 55. Ra8+ Kf7 56. c7 Rd3+ 57. Ke5 Re3+ 58. Kf4 Re4+ 59. Kf3 Rc4 60. c8Q 1-0

[Event "Oravska Priehrada op"]
[Site "Oravska Priehrada"]
[Date "2016.08.29"]
[Round "6"]
[White "Hyll, Jan"]
[Black "Brozyna, Mateusz"]
[Result "0-1"]
[WhiteElo "1995"]
[BlackElo "1844"]
[PlyCount "92"]
[EventDate "2016.08.26"]
[EventType "swiss"]
[EventRounds "7"]
[EventCountry "SVK"]
[SourceTitle "CBM 174 Extra"]
[Source "ChessBase"]
[SourceDate "2016.10.10"]
[SourceVersion "1"]
[SourceVersionDate "2016.10.10"]
[SourceQuality "1"]

1. d4 f5 2. e3 Nf6 3. Bd3 d6 4. Nf3 g6 5. Nbd2 Bg7 6. e4 fxe4 7. Nxe4 Nxe4 8. Bxe4 0-0 9. c3 d5 10. Bd3 Nc6 11. 0-0 Bg4 12. Be2 Qd6 13. Ng5 Bxe2 14. Qxe2 e5 15. dxe5 Nxe5 16. f4 Nc4 17. Qe6+ Qxe6 18. Nxe6 Rf7 19. Nxg7 Kxg7 20. b3 Nd6 21. Bb2 Kf8 22. Ba3 Ke7 23. Rad1 Ke6 24. Bxd6 Kxd6 25. g3 c6 26. Rfe1 Re7 27. Rxe7 Kxe7 28. Re1+ Kf7 29. Kf2 Rd8 30. Re5 Rd6 31. Ke3 b6 32. b4 Kf6 33. g4 h6 34. h4 Re6 35. Rxe6+ Kxe6 36. Kd4 Kd6 37. Ke3 c5 38. b5 Ke6 39. Kf3 Kf6 40. Kg3 Ke6 41. Kf3 h5 42. f5+ gxf5 43. gxh5 Kf6 44. h6 Kg6 45. Kf4 d4 46. cxd4 cxd4 0-1

[Event "Oravska Priehrada op"]
[Site "Oravska Priehrada"]
[Date "2016.08.27"]
[Round "3"]
[White "Bielik, Jakub"]
[Black "Hyll, Jan"]
[Result "1-0"]
[WhiteElo "1693"]
[BlackElo "1995"]
[PlyCount "119"]
[EventDate "2016.08.26"]
[EventType "swiss"]
[EventRounds "7"]
[EventCountry "SVK"]
[SourceTitle "CBM 174 Extra"]
[Source "ChessBase"]
[SourceDate "2016.10.10"]
[SourceVersion "1"]
[SourceVersionDate "2016.10.10"]
[SourceQuality "1"]

1. e4 d5 2. Nc3 d4 3. Nce2 e5 4. Ng3 Nf6 5. Bc4 Bd6 6. Nf3 h6 7. c3 Nc6 8. b4 0-0 9. 0-0 Qe7 10. a3 a6 11. Bb2 dxc3 12. dxc3 Nd8 13. Re1 g6 14. Bc1 Kg7 15. Qd2 Rh8 16. Bb3 b5 17. c4 bxc4 18. Bxc4 Be6 19. Bd3 c5 20. bxc5 Bc7 21. Bb2 Nc6 22. Rac1 Rhd8 23. Qe2 Ba5 24. Rf1 Bc8 25. Rfd1 Bb7 26. h3 Nd7 27. Qe3 f6 28. Rc2 Nf8 29. Bc1 h5 30. Qh6+ Kf7 31. Nf5 gxf5 32. Qxh5+ Kg8 33. Bc4+ Ne6 34. Rxd8+ Ncxd8 35. exf5 Bc8 36. fxe6 Bxe6 37. Nh4 Ra7 38. Ng6 Qg7 39. Bxe6+ Nxe6 40. Rb2 Nd8 41. Bd2 Bxd2 42. Rxd2 Nc6 43. Rd6 Rc7 44. Qg4 Nd4 45. Rxa6 Kf7 46. Nh4 Qxg4 47. hxg4 Rxc5 48. Nf3 Rc1+ 49. Kh2 Ne2 50. g5 fxg5 51. Nxg5+ Kg7 52. a4 Nf4 53. Ra8 Kg6 54. Ne4 Ra1 55. a5 Ra4 56. Nc5 Rc4 57. Nd7 Kf5 58. a6 Ke6 59. a7 Ra4 60. Nc5+ 1-0

[Event "Banska Stiavnica V4 op"]
[Site "Banska Stiavnica"]
[Date "2016.07.02"]
[Round "1"]
[White "Hyll, Jan"]
[Black "Mihok, Oliver"]
[Result "0-1"]
[WhiteElo "1976"]
[BlackElo "2509"]
[PlyCount "88"]
[EventDate "2016.07.02"]
[EventType "swiss"]
[EventRounds "9"]
[EventCountry "SVK"]
[SourceTitle "CBM 173 Extra"]
[Source "ChessBase"]
[SourceDate "2016.08.29"]
[SourceVersion "1"]
[SourceVersionDate "2016.08.29"]
[SourceQuality "1"]

1. e4 c5 2. d4 cxd4 3. c3 dxc3 4. Nxc3 Nc6 5. Nf3 e6 6. Bc4 Qc7 7. Qe2 Nf6 8. 0-0 Ng4 9. Nb5 Qb8 10. e5 Ngxe5 11. Bf4 f6 12. Bd3 a6 13. Nc3 Bd6 14. Nxe5 Nxe5 15. Bxe5 Bxe5 16. Qh5+ Ke7 17. f4 Bxc3 18. Qc5+ Qd6 19. Qxc3 b6 20. Be4 Rb8 21. Qf3 f5 22. Ba8 b5 23. Rfd1 Qb6+ 24. Kh1 d5 25. Bxd5 exd5 26. Qxd5 Re8 27. Re1+ Be6 28. Qxf5 g6 29. Qh3 Kf6 30. Qh6 Qb7 31. Rad1 Bd5 32. Qg5+ Kg7 33. f5 Be4 34. f6+ Kg8 35. Rf1 Qf7 36. Qf4 Bf5 37. Qd4 Rbc8 38. b3 Re6 39. g4 Re4 40. Qb6 Bxg4 41. Rd8+ Rxd8 42. Qxd8+ Re8 43. Qd6 Bh3 44. Rc1 Re1+ 0-1

[Event "SVK-chT2C 1516"]
[Site "Slovakia"]
[Date "2016.01.24"]
[Round "7.7"]
[White "Durica, Adam"]
[Black "Hyll, Jan"]
[Result "0-1"]
[WhiteElo "1730"]
[BlackElo "1987"]
[PlyCount "168"]
[EventDate "2015.10.17"]
[EventType "team-tourn"]
[EventRounds "11"]
[EventCountry "SVK"]
[SourceTitle "CBM 170 Extra"]
[Source "ChessBase"]
[SourceDate "2016.02.25"]
[SourceVersion "1"]
[SourceVersionDate "2016.02.25"]
[SourceQuality "1"]
[WhiteTeam "Liptov Chess School III"]
[BlackTeam "Dolny Kubin"]
[WhiteTeamCountry "SVK"]
[BlackTeamCountry "SVK"]

1. Nf3 Nf6 2. g3 d5 3. Bg2 c6 4. d3 Nbd7 5. 0-0 e5 6. Nbd2 Be7 7. e4 dxe4 8. Nxe4 Nxe4 9. dxe4 0-0 10. c3 Qc7 11. Qc2 Nf6 12. Be3 h6 13. Nd2 Ng4 14. Nc4 Be6 15. Qe2 b5 16. Nd2 Rfd8 17. Kh1 Qd7 18. Rfd1 Nxe3 19. Qxe3 Bg4 20. Nf3 Qxd1+ 21. Rxd1 Rxd1+ 22. Ng1 Ra1 23. h3 Be6 24. a3 Rd8 25. Kh2 c5 26. Nf3 f6 27. Nh4 Rdd1 28. Nf5 Bf8 29. Qe2 c4 30. Qe3 Rd7 31. Bf3 Kh7 32. Be2 Rb1 33. Bg4 g6 34. Nh4 Bxg4 35. hxg4 Rxb2 36. Kg1 Bxa3 37. Qf3 Kg7 38. Nxg6 Bc5 39. g5 Rxf2 40. Qh5 Re2+ 41. Kf1 Rf2+ 42. Ke1 fxg5 43. Nxe5 Rd6 44. Qe8 Rf8 45. Qe7+ Kg8 46. Qc7 Bf2+ 47. Ke2 Re6 48. Ng4 Rxe4+ 49. Kd2 Rxg4 50. Qd6 Rf7 51. Qg6+ Kf8 52. Qd6+ Kg7 53. Qe5+ Rf6 54. Qe7+ Kg6 55. Qe8+ Kf5 56. Qd7+ Re6 57. Qd5+ Kf6 58. Qf3+ Rf4 59. gxf4 Be3+ 60. Kc2 Bxf4 61. Qh5 Ke5 62. Qf3 Kf5 63. Qd5+ Re5 64. Qd7+ Kg6 65. Qd6+ Kh5 66. Qd1+ g4 67. Qh1+ Kg5 68. Qg2 h5 69. Kb2 h4 70. Qc6 h3 71. Qd7 h2 72. Qg7+ Kh4 73. Qh7+ Kg3 74. Ka3 Re1 75. Kb4 h1Q 76. Qxa7 Rb1+ 77. Kc5 Be3+ 78. Kd6 Bxa7 79. Ke5 Rd1 80. Kf5 Qf3+ 81. Ke5 Re1+ 82. Kd6 Rd1+ 83. Kc7 Qf6 84. Kc8 Qc6# 0-1

[Event "Oravska Priehrada op"]
[Site "Oravska Priehrada"]
[Date "2015.08.21"]
[Round "1"]
[White "Juhar, Roman"]
[Black "Hyll, Jan"]
[Result "1-0"]
[WhiteElo "2146"]
[BlackElo "1916"]
[PlyCount "105"]
[EventDate "2015.08.21"]
[EventType "swiss"]
[EventRounds "7"]
[EventCountry "SVK"]
[SourceTitle "EXT 2016"]
[Source "ChessBase"]
[SourceDate "2015.10.08"]
[SourceVersion "1"]
[SourceVersionDate "2015.10.08"]
[SourceQuality "1"]

1. d4 d5 2. c4 c6 3. Nf3 Nf6 4. Nc3 dxc4 5. a4 Bg4 6. Ne5 Bh5 7. Bg5 Qa5 8. f3 Nfd7 9. Bf4 Nxe5 10. Bxe5 Nd7 11. Bg3 f6 12. e4 Bf7 13. Be2 e5 14. dxe5 Nxe5 15. 0-0 Bb4 16. f4 Rd8 17. Qc2 Bxc3 18. bxc3 Nd3 19. Rfd1 Qc5+ 20. Kf1 Qe3 21. Bxd3 cxd3 22. Qf2 Qe2+ 23. Qxe2 dxe2+ 24. Kxe2 Bh5+ 25. Ke1 Bxd1 26. Rxd1 Ke7 27. Rb1 Rd7 28. Bf2 b6 29. a5 b5 30. a6 Rb8 31. Ke2 Rbd8 32. Be3 Ke6 33. g4 g6 34. h4 Rb8 35. Rb4 Rdd8 36. f5+ Kf7 37. Bd4 Rd7 38. Ke3 Rc7 39. Bc5 Rd7 40. Bd4 Re8 41. Kf4 Red8 42. g5 fxg5+ 43. hxg5 gxf5 44. exf5 Rd5 45. Rb1 Rxd4+ 46. cxd4 Rxd4+ 47. Ke5 Ra4 48. Rh1 Kg8 49. Rd1 Rxa6 50. Rd6 Rb6 51. Kf6 c5 52. Rxb6 axb6 53. Ke7 1-0

[Event "SVK-ch op"]
[Site "Banska Stiavnica"]
[Date "2015.07.06"]
[Round "3"]
[White "Neumann, Filip"]
[Black "Hyll, Jan"]
[Result "0-1"]
[WhiteElo "1603"]
[BlackElo "1954"]
[PlyCount "98"]
[EventDate "2015.07.04"]
[EventType "swiss"]
[EventRounds "9"]
[EventCountry "SVK"]
[SourceTitle "CBM 167 Extra"]
[Source "ChessBase"]
[SourceDate "2015.09.14"]
[SourceVersion "1"]
[SourceVersionDate "2015.09.14"]
[SourceQuality "1"]

1. e4 d5 2. exd5 Nf6 3. d4 Nxd5 4. c4 Nb6 5. Nf3 Bg4 6. c5 N6d7 7. Bc4 e6 8. Nc3 c6 9. Be3 Be7 10. h3 Bxf3 11. Qxf3 Nf6 12. Qg3 g6 13. 0-0 0-0 14. Rad1 Nbd7 15. Bf4 Nh5 16. Qf3 Nxf4 17. Qxf4 Nf6 18. Rfe1 Re8 19. Kf1 Bf8 20. Re2 Bg7 21. a3 Re7 22. g4 Qc7 23. Qxc7 Rxc7 24. g5 Ne8 25. f4 Rd8 26. Red2 Rcd7 27. Ne2 Nc7 28. Kf2 e5 29. fxe5 Bxe5 30. Rd3 Bg7 31. Rf3 Ne6 32. Bxe6 fxe6 33. Rb3 e5 34. Rb4 exd4 35. Ra4 d3 36. Nc3 Bd4+ 37. Kf3 Rf8+ 38. Kg3 Bxc3 39. bxc3 Rf5 40. h4 Rxc5 41. c4 a5 42. Rd2 Rd4 43. Kh3 b6 44. Kg3 Re5 45. Kf2 c5 46. Kf3 Re1 47. Kf2 Re2+ 48. Rxe2 dxe2 49. Kxe2 Rxh4 0-1